01264cam a2200265 a 45000010009000000050017000090080041000260200031000670200028000980400033001260820022001591000037001812450088002182600050003063000034003565000024003905050289004146500058007036530020007616550024007817000026008059420008008319990017008399520142008561808567520150506134555.0140328t2014 njua fr 001 0 eng d a9780133804423 (alk. paper) a0133804429 (alk. paper) aDLCbengcDLCdDLCdEG-ScBUE00a621.3822222bLYO1 aLyons, Richard G.,d1948-93787014aThe essential guide to digital signal processing /cRichard G. Lyons, D. Lee Fugal. aUpper Saddle River :bPrentice Hall,cc.2014. axii, 188 p. :bill. ;c23 cm. aIndex : p. 185-188.0 aWhat is digital signal processing? -- Analog signals -- Frequency, and the spectra of analog signals -- Digital signals and how they are generated -- Sampling and the spectra of digital signals -- How we compute digital signal spectra -- Wavelets -- Digital filters -- Binary numbers. 7aSignal processingxDigital techniques.2BUEsh.923318 bCOMSCIcMay2015 vreading book9342321 aFugal, D. Lee.937871 2ddc c19300d19272 00102ddc40708AlahramaMAINbMAINc1STd2015-05-06epurchaseg299.00h332l0o621.3822 LYOp000038157r2025-07-15 00:00:00v373.75yBB